LEADER 03071nam 22005055 450 001 9910350214403321 005 20180829141128.0 010 $a981-13-1260-5 024 7 $a10.1007/978-981-13-1260-1 035 $a(CKB)4100000006098336 035 $a(MiAaPQ)EBC5504375 035 $a(DE-He213)978-981-13-1260-1 035 $a(EXLCZ)994100000006098336 100 $a20180829d2019 u| 0 101 0 $aeng 135 $aurcnu|||||||| 181 $ctxt$2rdacontent 182 $cc$2rdamedia 183 $acr$2rdacarrier 200 10$aTransformation and Upgrading of Chinese Enterprises$b[electronic resource] /$fby Yunshi Mao 205 $a1st ed. 2019. 210 1$aSingapore :$cSpringer Singapore :$cImprint: Springer,$d2019. 215 $a1 online resource (299 pages) 311 $a981-13-1258-3 320 $aIncludes bibliographical references. 327 $aChapter One The Pressure of Chinese Enterprises' Transformation and Upgrading -- Chapter Two Experiences of Corporate Transformation and Upgrading in Asian Emerging Economies -- Chapter Three Enterprise Case Analysis -- Chapter Four Case Analysis of Industrial Regions, Clusters and Parks -- Chapter Five Case Analysis of Public Technology Platforms -- Chapter Six Factors That Influence Enterprise Transformation and Upgrading -- Chapter Seven Measurement and Paths of Enterprise Transformation and Upgrading -- Chapter Eight Conclusion. . 330 $aThis book discusses the experience of enterprise transformation and upgrading and the role of government in promoting this dramatic change in Asian emerging economies. The author specifically explores the direction, influencing factors, paths and modes of enterprise transformation and upgrading by conducting intensive case studies on a number of enterprises having accomplished upgrading in mainland China and Taiwan, and draws experience and lessons from them. These theoretical and practical insights have great significance for Chinese enterprises in improving their ability to respond to drastic external changes and provide useful reference for the formulation of government policies. 606 $aManagement 606 $aGlobalization 606 $aEnvironmental management 606 $aInnovation/Technology Management$3http://scigraph.springernature.com/things/product-market-codes/518000 606 $aEmerging Markets/Globalization$3http://scigraph.springernature.com/things/product-market-codes/525010 606 $aEnvironmental Management$3http://scigraph.springernature.com/things/product-market-codes/U17009 615 0$aManagement. 615 0$aGlobalization. 615 0$aEnvironmental management. 615 14$aInnovation/Technology Management. 615 24$aEmerging Markets/Globalization. 615 24$aEnvironmental Management. 676 $a658.00951 700 $aMao$b Yunshi$4aut$4http://id.loc.gov/vocabulary/relators/aut$0953795 906 $aBOOK 912 $a9910350214403321 996 $aTransformation and Upgrading of Chinese Enterprises$92156542 997 $aUNINA LEADER 01967nam 2200445 450 001 9910158649103321 005 20170929111258.0 010 $a1-5081-7259-5 035 $a(CKB)3710000001009994 035 $a(MiAaPQ)EBC5384561 035 $a(EXLCZ)993710000001009994 100 $a20180711d2016 ay 0 101 0 $aeng 135 $aurcnu|||||||| 181 $ctxt$2rdacontent 182 $cc$2rdamedia 183 $acr$2rdacarrier 200 10$aCicero /$fZoe Lowery and Fiona Forsyth 210 1$aNew York, New York :$cRosen Publishing,$d2016. 215 $a1 online resource (114 pages) 225 1 $aLeaders of the ancient world 311 $a1-5081-7258-7 320 $aIncludes bibliographical references and index. 330 $a"Marcus Tullius Cicero, who lived from 106 BCE to 43 BCE, was a man who wore many hats: Roman statesman, lawyer, scholar, and writer. He honed his oratory skills to become the greatest orator in Rome's history, and penned countless books and letters throughout his life, including speeches, lectures, and philosophical and political pieces. He was also a poet, although little of his verse exists today. But Cicero's life was far from a quiet, docile existence of a writer who kept to himself. His speeches often raised the hackles of his opponents and others with whom he disagreed. Cicero was exiled from Rome at one point."--Provided by publisher. 410 0$aLeaders of the ancient world. 606 $aStatesmen$zRome$vBiography$vJuvenile literature 606 $aOrators$zRome$vBiography$vJuvenile literature 607 $aRome$xPolitics and government$y265-30 B.C$vJuvenile literature 615 0$aStatesmen 615 0$aOrators 676 $a937/.05092 700 $aLowery$b Zoe$01207971 702 $aForsyth$b Fiona 801 0$bMiAaPQ 801 1$bMiAaPQ 801 2$bMiAaPQ 906 $aBOOK 912 $a9910158649103321 996 $aCicero$92894866 997 $aUNINA